Aspectos políticos y jurisdiccionales del mecanismo de solución de controversias de la Organización Mundial de Comercio /

Detalles Bibliográficos
Autor principal: García, Nicolás
Formato: Analitica de revista
Lenguaje:español
Publicado: Santiago, Chile Universidad Bernardo O'Higgins 2005

MARC

LEADER 00000cab a2200000 a 4500
001 025718
003 UAHC_CL
005 20170803122545.0
008 060425b xx j 000 1 spa
040 |a UAHC_CL  |c UAHC_CL  |d UAHC_CL 
100 1 |a García, Nicolás 
245 1 0 |a Aspectos políticos y jurisdiccionales del mecanismo de solución de controversias de la Organización Mundial de Comercio /  |c Nicolás García. 
260 |b Universidad Bernardo O'Higgins  |c 2005  |a Santiago, Chile 
300 |a 149-160 pp. 
500 |a En: Ars Boni et Aequi, 2005, no. 1. pp. 149-160. ISSN 0718-2457 
759 |a PP021 
773 0 |t Ars boni et aequi : revista jurìdica de la Universidad Bernardo O'Higgins.  |w 025711 
900 |a ARS BONI ET AEQUI-01/2005 
942 |c REVA 
952 |0 0  |1 0  |4 0  |6 ARS_BONI_ET_AEQUI01_2005_000000000000000  |7 0  |8 General  |9 52170  |a BC  |b BC  |c General  |d 2017-08-03  |l 0  |o ARS BONI ET AEQUI-01/2005  |p FICTICIO548  |r 2019-01-08 00:00:00  |t 1  |w 2017-08-03  |y REVA 
999 |c 25718  |d 25718